| 000 | 00449nam a2200181Ia 4500 | ||
|---|---|---|---|
| 001 | 62967 | ||
| 008 | 150107s9999 xx 000 0 und d | ||
| 020 | _a9780415513128 | ||
| 040 | _cPK-LaUMT | ||
| 082 |
_a 291.09 _bWOR- |
||
| 100 | _aSutherland, Stewart | ||
| 245 | 4 |
_aThe world's religions _cSutherland, Stewart|[Et al,] |
|
| 260 |
_aNew York,USA: _bRoutledge, _c1988 |
||
| 300 | _a995 p. | ||
| 546 | _aEN | ||
| 700 | _a[Et al,] | ||
| 942 | _cBK | ||
| 999 |
_c63529 _d63529 |
||